[Event "Lehrte Comitec"]
[Site "Lehrte"]
[Date "2022.08.15"]
[Round "3"]
[White "Pubantz, Jan"]
[Black "Stelmaszyk, Nico"]
[Result "1/2-1/2"]
[WhiteElo "2271"]
[BlackElo "2268"]
[PlyCount "37"]
[EventDate "2022.08.14"]
[EventType "tourn"]
[EventRounds "9"]
[EventCountry "GER"]
[EventCategory "3"]
[SourceTitle "EXT 2024"]
[Source "ChessBase"]
[SourceDate "2023.10.10"]
[SourceVersion "1"]
[SourceVersionDate "2023.10.10"]
[SourceQuality "1"]

1. d4 d5 2. c4 dxc4 3. Nf3 Nf6 4. Nc3 a6 5. e4 b5 6. e5 Nd5 7. a4 e6 8. axb5 Bb4 9. Qc2 Nb6 10. Qe4 Qd5 11. Qg4 axb5 12. Rxa8 Qxa8 13. Qxg7 Bxc3+ 14. bxc3 Qa1 15. Qxh8+ Kd7 16. Kd1 Qa4+ 17. Ke1 Qa1 18. Kd1 Qa4+ 19. Ke1 1/2-1/2

[Event "Lehrte Comitec"]
[Site "Lehrte"]
[Date "2022.08.15"]
[Round "2"]
[White "Stelmaszyk, Nico"]
[Black "Yelisieiev, Yevhenii"]
[Result "1-0"]
[WhiteElo "2268"]
[BlackElo "2383"]
[PlyCount "119"]
[EventDate "2022.08.14"]
[EventType "tourn"]
[EventRounds "9"]
[EventCountry "GER"]
[EventCategory "3"]
[SourceTitle "EXT 2024"]
[Source "ChessBase"]
[SourceDate "2023.10.10"]
[SourceVersion "1"]
[SourceVersionDate "2023.10.10"]
[SourceQuality "1"]

1. e4 c5 2. c3 Nf6 3. e5 Nd5 4. Bc4 Nb6 5. Bb3 d5 6. exd6 Qxd6 7. Na3 Nc6 8. d4 cxd4 9. Nb5 Qe5+ 10. Qe2 Rb8 11. Nxd4 Qxe2+ 12. Ngxe2 Nxd4 13. Nxd4 e5 14. Nb5 Bd7 15. Nc7+ Kd8 16. Nd5 Nxd5 17. Bxd5 f6 18. Be3 b6 19. 0-0-0 Kc7 20. Rd2 Bd6 21. Rhd1 Rbd8 22. f3 Bc6 23. Bxc6 Kxc6 24. a4 Bc7 25. a5 bxa5 26. Bxa7 Rxd2 27. Rxd2 Rd8 28. Rxd8 Bxd8 29. b3 Kb5 30. Kc2 a4 31. bxa4+ Kc4 32. Bb8 Ba5 33. Bd6 Bxc3 34. Bf8 g6 35. Bg7 e4 36. fxe4 Be5 37. h3 Kd4 38. a5 Kxe4 39. a6 Bb8 40. Bxf6 Ba7 41. Bg5 Kf5 42. Bh4 Kf4 43. Kd2 g5 44. Be1 g4 45. Ke2 gxh3 46. gxh3 Bb8 47. Bf2 h6 48. Bb6 Kg5 49. Kf3 Kh4 50. Kg2 Kg5 51. a7 Bxa7 52. Bxa7 Kh4 53. Bd4 Kg5 54. Kg3 Kh5 55. Be3 Kg6 56. Kh4 h5 57. Bd2 Kg7 58. Kxh5 Kh7 59. Bc3 Kg8 60. Kg6 1-0

[Event "Wasselonne op"]
[Site "Wasselonne"]
[Date "2022.08.05"]
[Round "4"]
[White "Stelmaszyk, Nico"]
[Black "Bellahcene, Bilel"]
[Result "1-0"]
[WhiteElo "2268"]
[BlackElo "2516"]
[PlyCount "103"]
[EventDate "2022.08.04"]
[EventType "swiss"]
[EventRounds "7"]
[EventCountry "FRA"]
[SourceTitle "CBM 209 Extra"]
[Source "ChessBase"]
[SourceDate "2022.09.30"]
[SourceVersion "1"]
[SourceVersionDate "2022.09.30"]
[SourceQuality "1"]

1. e4 e5 2. Nf3 Nc6 3. Bc4 Nf6 4. d4 exd4 5. 0-0 Bc5 6. e5 d5 7. exf6 dxc4 8. fxg7 Rg8 9. Bg5 f6 10. Bh6 Ne7 11. c3 Qd5 12. cxd4 Bd6 13. Nh4 Qe4 14. Qh5+ Ng6 15. g3 Qg4 16. Re1+ Kf7 17. Qxg4 Bxg4 18. Ng2 b5 19. Nc3 a6 20. a4 Bd7 21. Nd5 Rgd8 22. Nge3 Re8 23. h4 Rac8 24. h5 Ne7 25. Nxe7 Rxe7 26. axb5 axb5 27. Red1 Re4 28. f3 Re7 29. Kf2 Rce8 30. Ra7 Be6 31. Rda1 Bc8 32. Ra8 Bb4 33. Rxc8 Rxc8 34. Nd5 Bd6 35. Nxe7 Bxe7 36. Ra7 Bd6 37. Rb7 b4 38. Bd2 c3 39. bxc3 bxc3 40. Bxc3 Kxg7 41. Bb4 Bxb4 42. Rxb4 Kf7 43. Rc4 c6 44. Rc5 Rd8 45. Ke3 Rd6 46. Ra5 Rd7 47. g4 Ke6 48. Ke4 Re7 49. Ra6 f5+ 50. gxf5+ Kf7+ 51. Kf4 Rd7 52. Ke5 1-0